000 00565nam a2200193Ia 4500
003 GCL
008 140319s9999 xx 000 0 ara d
040 _aGCL /
_cGCL
082 0 4 _a159
_bع ع
100 1 _aعزيز حنا داود
245 1 0 _aعلم تغيير الاتجاهات النفسية والاجتماعية /
_cعزيز حنا داود
700 1 _aتحسين على حسين
300 _a100 ص
490 _a
650 0 4 _aالتربية
650 0 4 _aعلم النفس
650 0 4 _aعلم النفس الاجتماعى
942 _2ddc
_cBK
999 _c41678
_d41678